书目信息 |
| 题名: |
如何组织培训
|
|
| 作者: | 乔勒斯 著 ;奚卫华 , 彭涛 译 | |
| 分册: | ||
| 出版信息: | 北京 机械工业出版社 2013 |
|
| 页数: | 244页 | |
| 开本: | 25cm | |
| 丛书名: | 培训必读系列 | |
| 单 册: | ||
| 中图分类: | F272.921 | |
| 科图分类: | ||
| 主题词: | 企业管理--职工培训 , 企业管理 , 职工培训 | |
| 电子资源: | ||
| ISBN: | 978-7-111-43898-4 | |
| 000 | 01425oam2 2200337 450 | |
| 001 | 523 | |
| 005 | 20140909091930.35 | |
| 010 | @a978-7-111-43898-4@dCNY40.00 | |
| 100 | @a20131126d2013 em y0chiy50 ea | |
| 101 | 1 | @achi@ceng |
| 102 | @aCN@b110000 | |
| 105 | @ay z 000yy | |
| 106 | @ar | |
| 200 | 1 | @a如何组织培训@ARu He Zu Zhi Pei Xun@dHow to run seminars and workshops@epresentation skills for consultants, trainers and teachers@f(美)罗伯特 L. 乔勒斯(Robert L. Jolles)著@F( Mei ) Luo Bo Te L. Qiao Le Si (Robert L. Jolles) Zhu@g奚卫华,彭涛译@zeng |
| 210 | @a北京@c机械工业出版社@d2013 | |
| 215 | @a244页@d25cm | |
| 225 | 2 | @a培训必读系列 |
| 300 | @a华章经营 | |
| 305 | @a由John Wiley & Sons, Inc.授权出版 据原书第3版译出 | |
| 330 | @a本书告诉你怎样成为一个培训者,提供了如何成为一名培训者的经验和方法,还涉及演讲的各个方面、各个细节。主要内容包括“做好准备”、“传达:精彩演讲的艺术”、“改善培训进程”三个部分。 | |
| 461 | 0 | @12001 @a培训必读系列 |
| 510 | 1 | @aHow to run seminars and workshops@epresentation skills for consultants, trainers and teachers@zeng |
| 606 | 0 | @a企业管理@x职工培训 |
| 606 | 0 | @a企业管理 |
| 606 | 0 | @a职工培训 |
| 690 | @aF272.921@v5 | |
| 701 | 0 | @c(美)@a乔勒斯@AQiao Le Si@c(Jolles, Robert L.)@4著 |
| 702 | 0 | @a奚卫华@AXi Wei Hua@c(女,@f1972~)@4译 |
| 702 | 0 | @a彭涛@APeng Tao@4译 |
| 801 | 0 | @aCN@bTANGWEI@c20140603 |
| 905 | @b0840662-64@dF272.921@e1046@f3 | |
| 如何组织培训=How to run seminars and workshops:presentation skills for consultants, trainers and teachers/(美)罗伯特 L. 乔勒斯(Robert L. Jolles)著/奚卫华,彭涛译.-北京:机械工业出版社,2013 |
| 244页;25cm.-(培训必读系列) |
| 华章经营 |
| ISBN 978-7-111-43898-4:CNY40.00 |
| 本书告诉你怎样成为一个培训者,提供了如何成为一名培训者的经验和方法,还涉及演讲的各个方面、各个细节。主要内容包括“做好准备”、“传达:精彩演讲的艺术”、“改善培训进程”三个部分。 |
| ● |
| 相关链接 |
|
|
|
|
正题名:如何组织培训
索取号:F272.921/1046
 
预约/预借
| 序号 | 登录号 | 条形码 | 馆藏地/架位号 | 状态 | 备注 |
| 1 | 0840662 | 208406624 | 第一样本阅览室/ [索取号:F272.921/1046] | 在馆 | |
| 2 | 0840663 | 208406633 | 物理系资料室/ [索取号:F272.921/1046] | 在馆 | |
| 3 | 0840664 | 208406642 | 第一借阅区/ [索取号:F272.921/1046] | 在馆 |